[Event "County Champions"]
[Site "?"]
[Date "1972.04.16"]
[Round "4"]
[White "Franett, M."]
[Black "Bailey, B."]
[Result "1-0"]
[WhiteElo "2311"]
[BlackElo "1968"]
[Annotator "Stockfish 13 (15s)"]
[PlyCount "33"]
[EventDate "1972.??.??"]

{D20: Queen's Gambit Accepted: 3 e3 and 3 e4} 1. d4 d5 2. c4 dxc4 3. e4 e5 4.
Nf3 exd4 5. Bxc4 Be6 6. Bxe6 fxe6 7. Nxd4 (7. Qb3 Nc6 8. Qxb7 Kd7 9. Qb5 Bd6
10. Nxd4 Nge7 11. O-O Rb8 12. Qc4 Nxd4 13. Qxd4 Rb4 14. Qe3 Ng6 15. Nd2 Qh4 16.
g3 Qh5 17. Nb3 Ne5 18. f3 Rf8 19. Kg2 Rxf3 20. Rxf3 Ng4 21. Qg1 Rxe4 {
Voloshin,L (2475)-Fiala,J (2270) Czechia 2005 1-0}) 7... Bb4+ 8. Nc3 Qe7 $4
$146 (8... Qd7 9. Qh5+ Kf8 10. Be3 Nc6 11. Rd1 Nf6 12. Qh3 Nxd4 13. Bxd4 Qc6
14. O-O Kg8 15. Bxf6 gxf6 16. e5 Bxc3 17. bxc3 f5 18. Rd3 h5 19. Rg3+ Kf7 20.
Qh4 Rag8 21. Qf6+ Ke8 22. Rd1 {
1-0 (22) Groffen,H (2192)-Sparreboom,W Vlissingen 2003}) (8... Qd6 9. O-O Bxc3
10. bxc3 Nd7 11. Qg4 Kf7 12. f4 Ngf6 13. Qe2 Ne8 14. e5 Qd5 15. f5 Nxe5 16.
fxe6+ Kg8 17. Rf5 {1-0 (17) Bernat,M (2201)-Bielinski,L (2132) Ustron 2003}) (
8... Nf6 $142 9. e5 Ne4 10. Qa4+ Nc6 11. Nxc6 Nxc3 $18) 9. Qh5+ (9. O-O $142
Nc6 10. Qh5+ Kf8 11. Qf3+ Ke8 12. Nxc6 bxc6 $18) 9... g6 10. Qe5 (10. Qh3 $142
$5 Nc6 11. Nxe6 Nd8 $18) 10... Nf6 11. Bg5 (11. O-O $142 Nc6 12. Nxc6 bxc6 13.
Bg5 $18) 11... O-O $2 (11... Nbd7 12. Qxe6 Qxe6 13. Nxe6 $16) 12. f3 (12. Qxe6+
$142 $5 Qxe6 13. Nxe6 Nxe4 14. Nxf8 Nxg5 $18) 12... Nbd7 $2 (12... Kf7 $142 $5
13. Rd1 Nbd7 14. Qxc7 Nb6 15. Qxe7+ Bxe7 $18) 13. Qxe6+ $18 Kh8 $2 (13... Rf7
14. Qxe7 Bxe7 $18) 14. Qxe7 Bxe7 15. Ne6 Rfc8 16. O-O-O c6 (16... Nf8 17. Nxf8
Rxf8 $18) 17. Rxd7 $1 (17. Rxd7 Nxd7 18. Bxe7 $18) 1-0

[Event "County Champions"]
[Site "?"]
[Date "1972.04.16"]
[Round "5"]
[White "Bailey, B."]
[Black "Blackwood, J."]
[Result "1/2-1/2"]
[WhiteElo "1968"]
[BlackElo "2057"]
[Annotator "Stockfish 13 (15s)"]
[PlyCount "125"]
[EventDate "1972.??.??"]

{C45: Scotch Game} 1. e4 Nc6 2. d4 e5 3. Nf3 exd4 4. Nxd4 Bc5 5. Nb3 Bb6 6. Nc3
Nge7 7. Na4 O-O 8. Be2 d6 9. O-O f5 10. Nxb6 axb6 11. f3 $146 (11. exf5 Nxf5
12. Bd2 Kh8 13. Re1 Bd7 14. Bc3 Ra4 15. Bd3 Rf4 16. g3 Ra4 17. Qh5 Nb4 18. Be4
Nxa2 19. Rxa2 Rxa2 20. Nd4 Qe8 21. Qh3 Ra1 22. Rxa1 Qxe4 {
1/2-1/2 (22) Zelcic,R (2565)-Zecevic,D (2305) Medulin 2002}) (11. exf5 Nxf5 12.
Bd2 Be6 $11) 11... Qe8 12. Bc4+ Kh8 13. Nd4 Nxd4 14. Qxd4 Nc6 15. Qe3 Be6 16.
Bxe6 (16. Bb5 fxe4 17. Qxe4 Bf5 18. Qxe8 Rfxe8 $11) 16... Qxe6 17. exf5 Qxf5
18. Qc3 Rfe8 (18... Qc5+ 19. Qxc5 bxc5 20. Bd2 $15) 19. Bd2 Qd5 20. a3 Nd4 21.
Kh1 (21. Qd3 b5 22. Rae1 Qc4 $11) 21... Ne2 22. Qd3 Qxd3 23. cxd3 Nd4 24. Rae1
Nb3 25. Bc3 Kg8 (25... Nc5 26. d4 Na4 27. Rc1 $11) 26. Kg1 Kf7 27. Kf2 Nc5 28.
Re3 Rxe3 29. Kxe3 Re8+ 30. Kd2 d5 31. d4 Nd7 32. Rf2 Kg6 33. Re2 Rxe2+ 34. Kxe2
h5 35. Bd2 Kf5 36. a4 Nf6 37. h4 Ne8 38. Bg5 Nf6 39. b4 Nd7 40. Kd3 c5 41. bxc5
bxc5 42. dxc5 Nxc5+ 43. Kd4 Nxa4 44. Kxd5 Nc3+ 45. Kd4 Nb5+ 46. Kc5 Nc7 47. Kb6
Ne6 48. Bc1 Nf4 49. g3 Ne2 50. Bg5 $4 (50. g4+ $142 hxg4 51. fxg4+ Kxg4 52. Bg5
$11) 50... Nxg3 $19 51. Kxb7 Ne2 52. Be3 Nf4 53. Kc6 Ng2 54. Bg5 Ne1 55. f4 Nf3
56. Bd8 Kxf4 57. Kd5 Kg4 58. Ke4 Nxh4 59. Ke3 Nf3 60. Kf2 h4 61. Bc7 h3 62. Bb8
h2 (62... g6) 63. Kg2 $11 1/2-1/2

[Event "Foster Open"]
[Site "?"]
[Date "1972.05.20"]
[Round "1"]
[White "Brooks, J."]
[Black "Bailey, B."]
[Result "0-1"]
[WhiteElo "100"]
[BlackElo "1969"]
[Annotator "Stockfish 13 (15s)"]
[PlyCount "74"]
[EventDate "1972.??.??"]

{C50: Hungarian Defence and Giuoco Pianissimo} 1. e4 e5 2. Nf3 Nc6 3. Bc4 Nf6
4. Nc3 Bc5 5. d3 h6 6. O-O d6 7. Na4 Bb6 8. Nxb6 axb6 9. d4 (9. c3 Na5 10. Bb5+
c6 11. Ba4 b5 12. Bc2 c5 13. Qe2 Nc6 14. Ne1 Be6 15. a3 b4 16. f4 b3 17. Bd1
Bg4 18. Nf3 Qb6 19. Kh1 exf4 20. Bxf4 Ne5 21. Qe3 Ng6 22. Bg3 O-O 23. h3 Be6 {
Shmallko,G (2126)-Miloradov,G (2260) Zvenigorod 2005 1/2-1/2 (60)}) 9... Bg4
$146 (9... exd4 10. Nxd4 O-O 11. Re1 Re8 12. Nxc6 bxc6 13. Bd3 Ng4 14. f3 Ne5
15. Bd2 Qh4 16. Qe2 Re6 17. Qf2 Rg6 18. f4 Qxf2+ 19. Kxf2 Rf6 20. Be2 Nd7 21.
Bg4 Nc5 22. Bxc8 Rxc8 23. f5 Re8 24. Kf3 {
Potemkin,P-Havasi,K Paris 1924 0-1 (44)}) 10. c3 Nxe4 (10... exd4 11. cxd4 O-O
$17) 11. Qd3 $2 (11. Bd5 $142 $5 Ng5 12. Bxg5 hxg5 13. Re1 $11) 11... Nf6 (
11... Bxf3 12. Qxf3 d5 13. Re1 $17) 12. Re1 Bxf3 13. Qxf3 O-O 14. Qg3 Nh5 (
14... Kh8 15. dxe5 Nxe5 16. Bb5 $17) 15. Qg4 (15. Qh3 $142 $5 Nf6 16. Bxh6 $11)
15... Nf6 $17 16. Qg3 Kh8 17. dxe5 Nxe5 (17... dxe5 $6 18. a4 $11) 18. Rxe5 $4
(18. Bf1 $142 $17) 18... dxe5 $19 19. Qxe5 (19. Be3 $19) 19... Qd1+ 20. Bf1
Rfe8 21. Bxh6 (21. Qb5 Re1 22. Bd2 Qxd2 23. Rxe1 Qxe1 $19) 21... Qxa1 22. Bxg7+
Kxg7 23. Qg5+ Kf8 24. Qxf6 Rad8 (24... Qxa2 $142 25. Qh6+ Ke7 26. h3 $19) 25.
g3 $4 (25. Qh8+ $142 Ke7 26. Qe5+ Kf8 27. Qh8+ Ke7 28. Qe5+ Kd7 29. Qf5+ Kc6
30. Qf3+ Kd7 31. Qf5+ Kc6 32. Qf3+ Kc5 33. b4+ Kd6 34. Qf6+ Kd7 35. Qf5+ Kc6
36. Qf3+ Kd6 37. Qf6+ Kd7 38. Qf5+ Kc6 39. Qf3+ Kd7 40. Qf5+ $11) 25... Rd1 $19
26. Qh8+ (26. Qh6+ Ke7 27. Kg2 Qb1 $19) 26... Ke7 27. Qe5+ Kd8 28. Qf6+ Kc8 29.
Qxf7 Rxf1+ 30. Kg2 Qe1 31. Qxe8+ Qxe8 32. Kxf1 Qb5+ 33. Kg2 Kd7 (33... Qxb2 34.
a4 Qxc3 35. f4 Kd7 36. f5 Kd6 37. a5 bxa5 38. h4 a4 39. Kf2 a3 40. f6 Qxf6+ 41.
Ke2 a2 42. g4 a1=Q 43. g5 Qab2+ 44. Ke3 Qfd4+ 45. Kf3 Qbf2#) 34. h4 Ke6 (34...
Qxb2 35. Kf3 Qxa2 36. h5 Qf7+ 37. Ke4 Qxh5 38. f3 Ke6 39. g4 Qc5 40. f4 Qc4+
41. Ke3 Kd5 42. f5 Qe4+ 43. Kf2 Qf4+ 44. Kg2 Ke4 45. c4 Qf3+ 46. Kh2 Qxg4 47.
c5 Kf3 48. c6 Qg2#) 35. g4 (35. b3 Qd3 36. a3 Kf5 37. f3 Qe2+ 38. Kg1 Qxf3 39.
a4 Kg4 40. Kh2 Qf2+ 41. Kh1 Kxg3 42. b4 Qg2#) 35... Qc4 (35... Ke5 36. a3 Kf4
37. c4 Qxc4 38. b3 Qe4+ 39. Kf1 Kf3 40. Kg1 Qe1+ 41. Kh2 Qxf2+ 42. Kh3 Qg2#)
36. f3 (36. Kf3 Qxa2 37. h5 Qxb2 38. Ke4 Qe2+ 39. Kf4 Qxf2+ 40. Ke4 Qe2+ 41.
Kf4 Qc4+ 42. Ke3 Ke5 43. g5 Qxc3+ 44. Kf2 Kf4 45. g6 Qc2+ 46. Ke1 Kf3 47. h6
Qc1#) 36... Qf4 (36... Qe2+ $5 37. Kg3 Qe1+ 38. Kg2 Ke5 39. a3 Kf4 40. b3 Qg3+
41. Kf1 Kxf3 42. a4 Qf2#) 37. Kh3 (37. Kf2 Qd2+ 38. Kg3 Qe1+ 39. Kg2 Ke5 40. a3
Kf4 41. b3 Qg3+ 42. Kf1 Kxf3 43. a4 Qf2#) 37... Qxf3+ (37... Qxf3+ 38. Kh2 Qxg4
39. a3 Kf5 40. b3 Ke4 41. a4 Kf3 42. b4 Qg2#) 0-1

[Event "Foster Open"]
[Site "?"]
[Date "1972.05.20"]
[Round "2"]
[White "Polich, D."]
[Black "Bailey, B."]
[Result "0-1"]
[WhiteElo "1724"]
[BlackElo "1969"]
[Annotator "Stockfish 13 (15s)"]
[PlyCount "40"]
[EventDate "1972.??.??"]

{C57: Two Knights: Wilkes-Barre/Traxler and 4 Ng5 d5 5 exd5, unusual Black 5th
moves} 1. e4 e5 2. Nf3 Nc6 3. Bc4 Nf6 4. Ng5 Bc5 5. Nxf7 Bxf2+ 6. Kf1 Qe7 7.
Nxh8 d5 8. exd5 Nd4 9. c3 Bg4 10. Qa4+ Nd7 11. cxd4 (11. Kxf2 Qh4+ 12. g3 Qf6+
13. Ke1 Qf3 14. Rf1 Qe4+ 15. Kf2 O-O-O 16. cxd4 Rf8+ 17. Kg1 Qxd4+ 18. Kg2 Qe4+
19. Kg1 Rxf1+ 20. Bxf1 Qxa4 21. Nc3 Qd4+ 22. Kg2 e4 23. Be2 Bxe2 24. Nxe2 Qd3
25. Nf4 Qf3+ {Malada,V (2249)-Doric,N (2363) Rijeka 2001 0-1}) 11... Qf6 12.
Be2 Bg3+ $146 (12... Bxd4+ 13. Bf3 Bxf3 14. Ke1 Qh4+ {
0-1 (14) Carrascoso Morales,A (2165)-Garcia Fernandez,C (2349) Cullera 2005}) (
12... Bxd4+ $142 13. Bf3 Bxf3 14. Qxd4 exd4 $19) 13. Bf3 Bxf3 14. dxe5 (14.
hxg3 Bd1+ 15. Kg1 Bxa4 16. b3 $19) 14... Qf5 (14... Bxe5 15. gxf3 Qxf3+ 16. Ke1
Qxh1+ 17. Ke2 Qxc1 18. Nc3 Qxa1 19. Nd1 $19) 15. Qxd7+ (15. hxg3 $142 Bxd5+ 16.
Kg1 $18) 15... Kxd7 $19 16. e6+ Ke7 17. Ng6+ (17. hxg3 Bxd5+ 18. Ke1 Bxg2 19.
Nc3 $19) 17... hxg6 18. hxg3 Bxd5+ (18... Rf8 19. d6+ cxd6 20. gxf3 Qxf3+ 21.
Ke1 Qxh1+ 22. Ke2 Qe4+ 23. Kd1 Rf1#) 19. Kg1 Qe4 20. Kf1 (20. Kf2 Rf8+ 21. Kg1
Qxg2#) 20... Rf8+ (20... Rf8+ 21. Kg1 Qxg2#) 0-1

[Event "Foster Open"]
[Site "?"]
[Date "1972.05.20"]
[Round "3"]
[White "Bailey, B."]
[Black "Euler, P."]
[Result "1-0"]
[WhiteElo "1969"]
[BlackElo "100"]
[Annotator "Stockfish 13 (15s)"]
[PlyCount "71"]
[EventDate "1972.??.??"]

{C61: Ruy Lopez: Bird's Defence} 1. e4 e5 2. Nf3 Nc6 3. Bb5 Nf6 4. O-O Nd4 5.
Nxd4 exd4 6. e5 Nd5 (6... Ne4 7. Qg4 Ng5 8. Qxd4 Ne6 9. Qe3 b6 10. d4 Bb7 11.
c4 Qh4 12. d5 Bc5 13. Qg3 Qxg3 14. hxg3 Nd4 15. Nc3 c6 16. Ba4 O-O 17. Be3 Nf5
18. Bxc5 bxc5 19. dxc6 dxc6 20. Ne4 Nd4 21. Nxc5 {
Miersch,M (2102)-Stojadinovic,T Willingen 2001 1-0}) 7. Qf3 (7. Bc4 Nb6 8. Bb3
Be7 9. Qg4 O-O 10. d3 d5 11. Qe2 Be6 12. f4 Qc8 13. a4 a5 14. Na3 c5 15. Nb5 c4
16. Ba2 cxd3 17. cxd3 Nxa4 18. Nxd4 Qd7 19. Be3 Bg4 20. Qf2 f6 21. Nf3 Nc5 {
Goldner,J (1758)-Airapetyan,D (1897) Montreal 2006 1-0 (43)}) 7... c6 8. Bc4
Qa5 9. d3 $146 (9. c3 d6 10. cxd4 Be6 11. d3 dxe5 12. dxe5 Be7 13. Qg3 Bf8 14.
Nd2 g6 15. Ne4 Qc7 16. Bxd5 cxd5 17. Nf6+ Kd8 18. Ng4 Bxg4 19. Bg5+ Be7 20.
Qxg4 Qxe5 21. Bxe7+ Qxe7 22. Qd4 Re8 23. Qxd5+ Qd7 {
Cabarkapa,M-Soriano Seville 1990 1-0 (31)}) 9... d6 10. Bd2 (10. Bxd5 Qxd5 11.
Qxd5 cxd5 $16) 10... Qb6 (10... Qc7 11. Bxd5 cxd5 12. c3 dxe5 13. cxd4 exd4 14.
Qxd5 $14) 11. exd6 (11. Bxd5 cxd5 12. Bf4 (12. Qxd5 $143 Be6 13. Qa5 Qxa5 14.
Bxa5 dxe5 $17) 12... dxe5 13. Bxe5 $16) 11... Be6 $2 (11... Bxd6 12. Bxd5 cxd5
$14) 12. Na3 $4 (12. Bxd5 $142 cxd5 13. Bf4 Bxd6 14. Bxd6 Qxd6 15. Qg3 Qxg3 16.
fxg3 $16) 12... Bxd6 $11 13. Bxd5 cxd5 14. c4 (14. Rfb1 $142 $15) 14... Qxb2 $4
(14... dxc3 $142 15. Bxc3 d4 $17) 15. Nb5 $16 Bb8 $2 (15... O-O 16. Nxd6 Qxd2
17. cxd5 $16) 16. cxd5 (16. Bg5 O-O 17. Rab1 Qxa2 $18) 16... Qxd2 (16... O-O
$142 $5 17. dxe6 Qxb5 $16) 17. dxe6 $18 Qf4 $4 (17... O-O 18. Qxb7 fxe6 $18)
18. exf7+ Kxf7 (18... Kf8 19. Qh3 g6 $18) 19. Qxb7+ Kg6 20. g3 Qg5 21. Qxa8 h5
(21... Qxb5 22. Rfc1 Rf8 23. Qe4+ Kh6 24. Rab1 $18) 22. Qe4+ (22. Nd6 $142 Rf8
23. Ne4 Qf5 $18) 22... Kh6 (22... Qf5 23. Qc6+ Qf6 24. Rac1 Qxc6 25. Rxc6+ Kf7
26. Rb1 $18) 23. Nxd4 g6 24. Qe3 (24. Nf3 $142 Qf6 25. Qe3+ g5 $18) 24... h4 (
24... Qxe3 25. fxe3 Re8 26. Kf2 $18) 25. Qxg5+ Kxg5 26. Nf3+ Kg4 27. Nxh4 g5
28. Ng2 a5 29. Ne3+ Kf3 30. Rab1 Ba7 31. Rb7 (31. Rfe1 Re8 32. Rb7 Rxe3 33.
Rf7+ Kg4 34. fxe3 Bb6 35. Ref1 Kh5 36. g4+ Kxg4 37. Kg2 Kh5 38. R1f6 g4 39.
Rxb6 g3 40. Kxg3 Kg5 41. Ra7 a4 42. Ra5#) 31... Bb8 32. Re1 Rf8 33. h3 a4 (
33... Bxg3 34. fxg3 Kxg3 35. Nf1+ Rxf1+ 36. Kxf1 g4 37. hxg4 a4 38. Rb5 a3 39.
Re4 Kf3 40. Rh5 Kg3 41. Ra4 Kf3 42. Rh3#) 34. Nc4 (34. Nc2 Bxg3 35. Nd4+ Kf4
36. Re4#) 34... Bf4 (34... Bxg3 35. Re3+ Kf4 36. Rb5 Bh2+ 37. Kg2 a3 38. Rf3#)
35. Ne5+ Bxe5 36. Re3# 1-0

[Event "Foster Open"]
[Site "?"]
[Date "1972.05.20"]
[Round "4"]
[White "Bailey, B."]
[Black "Love, J."]
[Result "1/2-1/2"]
[WhiteElo "1969"]
[BlackElo "1797"]
[Annotator "Stockfish 13 (15s)"]
[PlyCount "43"]
[EventDate "1972.??.??"]

{B19: Classical Caro-Kann: 4...Bf5 main line} 1. e4 c6 2. d4 d5 3. Nc3 dxe4 4.
Nxe4 Bf5 5. Ng3 Bg6 6. h4 h6 7. Nf3 Nd7 8. h5 Bh7 9. Bd3 Bxd3 10. Qxd3 Qc7 11.
c3 e6 12. Ne2 Bd6 13. g3 Ngf6 14. Bf4 O-O-O 15. Bxd6 $146 (15. Qc2 c5 16. Bxd6
Qxd6 17. O-O-O Qd5 18. Ne5 Nxe5 19. dxe5 Qxe5 20. Kb1 Qe4 21. f4 Rxd1+ 22. Rxd1
Qxc2+ 23. Kxc2 Rd8 24. Rxd8+ Kxd8 25. Kd3 Kc7 26. Kc4 b6 27. a4 Nxh5 28. a5 Kc6
29. b4 b5+ {Kozlitin,O-Yastrebov,A (2205) Moscow 1998 0-1 (37)}) 15... Qxd6 16.
O-O-O (16. Kf1 c5 $11) 16... Nc5 (16... Ng4 $142 $5 17. Rdf1 Qd5 $15) 17. Qe3
$14 Nce4 (17... Ncd7 18. Nf4 $14) 18. Ne5 $16 Rhf8 (18... Qc7 $142 $5 $16) 19.
f3 $18 Ng5 20. Nf4 (20. f4 $5 Ngh7 21. Qd3 $16) 20... Nd5 21. Nxd5 (21. Qf2 $5
$16) 21... exd5 $11 22. Qf2 1/2-1/2

[Event "Boeing Action"]
[Site "?"]
[Date "1972.05.23"]
[Round "1"]
[White "Moulijn, J."]
[Black "Bailey, B."]
[Result "0-1"]
[WhiteElo "1650"]
[BlackElo "1992"]
[Annotator "Stockfish 13 (15s)"]
[PlyCount "62"]
[EventDate "1972.??.??"]

{C77: Ruy Lopez: 3...a6 4 Ba4 Nf6, unusual lines} 1. e4 e5 2. Nf3 Nc6 3. Bb5 a6
4. Ba4 Nf6 5. d3 d6 6. Nc3 Bg4 7. Bg5 Be7 8. Qe2 $4 $146 (8. h3 Bh5 9. O-O (9.
Nd5 O-O 10. Bxc6 bxc6 11. Nxe7+ Qxe7 12. O-O h6 13. Bh4 d5 14. Re1 Rfe8 15. g4
dxe4 16. Rxe4 Bg6 17. Rxe5 Qd6 18. Bxf6 Qxf6 19. Rxe8+ Rxe8 20. Rb1 h5 21. Nh2
hxg4 22. Nxg4 Qg5 23. Qf3 f5 {Gravite,J-Morzywolek,P Wroclaw 2005 0-1 (41)})
9... b5 10. Bb3 h6 11. Bh4 Nd4 12. Bd5 Nxd5 13. Nxd5 Bxh4 14. g4 Bg6 15. Nxd4
exd4 16. Qf3 O-O 17. c3 dxc3 18. bxc3 c6 19. Nb4 Qc7 20. Rfe1 a5 21. Nc2 Bf6
22. d4 d5 {Gehrken,G-Koehnke,T (1125) Neumuenster 2001 0-1 (58)}) (8. Nd5 b5 (
8... O-O 9. Nxe7+ Qxe7 10. h3 Bh5 11. g4 Bg6 12. c3 h6 13. Bh4 Rad8 14. Bb3
Rfe8 15. Bd5 Na5 16. Qa4 c6 17. Bxf7+ Bxf7 18. Qxa5 g5 19. Bg3 d5 20. Nxe5 dxe4
21. O-O-O exd3 22. Rxd3 Rxd3 23. Nxd3 {
Zoetemeijer,P-Van Tienhoven,A Haarlem 1999 1-0 (49)}) 9. Bb3 Nd4 10. h3 Bxf3
11. gxf3 Nxb3 12. axb3 Nxd5 13. Bxe7 Nxe7 14. Rg1 Ng6 15. Kd2 Qh4 16. Rg3 Qh6+
17. Ke2 Nf4+ 18. Kd2 Nh5+ 19. Ke2 Nxg3+ 20. fxg3 Qxh3 21. Qg1 h5 22. Qf2 h4 {
Pila Diez,M-Draica,I Rimavska Sobota 1992 0-1 (32)}) (8. Bxc6+ $5 bxc6 9. h3
Bxf3 10. Qxf3 $14 (10. gxf3 $143 Rb8 $17)) 8... O-O $4 (8... b5 $142 9. Bb3 Nd4
$19) 9. h3 $4 (9. Bxc6 $142 bxc6 10. h3 $11) 9... Nd4 $19 10. Qe3 $2 (10. Qd1
Bxf3 11. gxf3 $19) 10... Bxf3 11. gxf3 b5 (11... a5 $142 12. Bxf6 Bxf6 13. f4
$19) 12. Bb3 a5 13. Bxf6 $4 (13. a4 b4 14. Ne2 $19) 13... Bxf6 (13... gxf6 $6
14. Ne2 Kh8 15. Nxd4 exd4 16. Qh6 $11 (16. Qxd4 $143 c5 17. Qe3 c4 18. dxc4 a4
19. cxb5 Qa5+ 20. Ke2 axb3 21. Qxb3 f5 $17)) 14. a3 (14. Nd5 Bh4 15. c3 Nxb3
16. axb3 c6 $19) 14... Bg5 15. Qxg5 (15. Kd1 Bxe3 16. fxe3 Nxf3 $19) 15... Qxg5
16. Nd5 (16. a4 bxa4 17. Rxa4 Qg2 $19) 16... Nxf3+ (16... a4 $5 17. c3 Nxf3+
18. Kf1 axb3 19. Ne3 $19) 17. Ke2 (17. Kf1 a4 18. Ba2 Qd2 $19) 17... Nd4+ 18.
Kd1 Nxb3 (18... Qg2 $142 19. Re1 Qxf2 20. Re3 $19) 19. cxb3 c5 (19... f5 $142
$5 20. Rf1 fxe4 21. dxe4 $19) 20. Ke2 Qh5+ 21. f3 c4 22. bxc4 (22. Raf1 cxd3+
23. Kxd3 f5 $19) 22... bxc4 23. dxc4 Rab8 24. b4 axb4 25. axb4 Ra8 (25... f5
$142 26. exf5 e4 $19) 26. Ra5 (26. Nc7 Rac8 27. Nd5 Rxc4 28. Ne3 Rxe4 29. Rhf1
Rxb4 30. Rab1 Rxb1 31. Rxb1 e4 32. Rb3 Qxf3+ 33. Kd2 Ra8 34. Kc1 Qe2 35. Nd1
Ra1+ 36. Rb1 Qc4+ 37. Kd2 Qd3+ 38. Ke1 Rxb1 39. Kf2 Qf3+ 40. Kg1 Rxd1+ 41. Kh2
Rh1#) 26... Rxa5 27. bxa5 Rb8 28. Nb6 f5 29. Ke3 fxe4 30. fxe4 (30. Rf1 Qxh3
31. Rf2 Qg3 32. Rf1 Qf4+ 33. Ke2 Rf8 34. a6 exf3+ 35. Kd1 Qd4+ 36. Kc2 Qxb6 37.
Rb1 Qd4 38. Rb3 f2 39. Rb1 f1=Q 40. Rxf1 Rxf1 41. c5 Qc4+ 42. Kd2 Rf2+ 43. Ke3
Qe2#) 30... Rf8 31. Nd5 (31. Re1 Qf3+ 32. Kd2 Qa3 33. Re2 Qb2+ 34. Kd3 Rf3+ 35.
Re3 Rf2 36. Re2 Rxe2 37. h4 Qc2#) 31... Qf3+ (31... Qf3+ 32. Kd2 Qg2+ 33. Kd3
Rf3+ 34. Ne3 Qf2 35. Re1 Qxe1 36. h4 Qxe3+ 37. Kc2 Rf2+ 38. Kb1 Qe1#) (31...
Rf3+ 32. Ke2 Ra3+ 33. Ke1 Qh4+ 34. Ke2 Qxe4+ 35. Kd1 Qb1+ 36. Ke2 Qb2+ 37. Kd1
Ra1#) 0-1

[Event "Boeing Action"]
[Site "?"]
[Date "1972.05.23"]
[Round "2"]
[White "Bailey, B."]
[Black "Clark, A."]
[Result "1-0"]
[WhiteElo "1992"]
[BlackElo "2130"]
[Annotator "Stockfish 13 (15s)"]
[PlyCount "53"]
[EventDate "1972.??.??"]

{B01: Scandinavian Defence} 1. e4 d5 2. exd5 Qxd5 3. Nc3 Qa5 4. d4 Nf6 5. Bc4
c6 6. Nf3 e6 7. O-O b5 (7... Be7 8. Qe2 O-O 9. Bb3 Na6 10. Bg5 Nd5 11. Ne4 Bxg5
12. Nexg5 h6 13. Ne4 Qc7 14. c4 Nf4 15. Qe3 Ng6 16. Rad1 Kh8 17. Bc2 e5 18. Ng3
exd4 19. Rxd4 c5 20. Rd2 f5 21. Rfd1 Qb6 22. Nh5 {
Kos,T (2295)-Schriebl,A Feldbach 1997 1-0 (32)}) (7... Bd6 8. Re1 O-O 9. Ne5
Nbd7 10. Bf4 Qc7 11. Qf3 Nb6 12. Bd3 Nbd5 13. Bg5 Be7 14. a3 h6 15. Nxd5 exd5
16. Bxh6 gxh6 17. Qg3+ Kh8 18. Nxf7+ Rxf7 19. Qxc7 Bd7 20. Qxb7 Rg8 21. c4 Rfg7
22. g3 {Arvin,M (1823)-Domskoi,B (1824) Grossauheim 2006 1-0 (35)}) 8. Bb3 b4
9. Ne2 Be7 $146 (9... Qb6 10. Nf4 Bd6 11. Ne5 Qc7 12. Re1 O-O 13. Nh5 Nbd7 14.
Nxd7 Nxd7 15. Bh6 g6 16. Qf3 Re8 17. Ng7 Re7 18. h4 Nf8 19. Nh5 e5 20. Nf6+ Kh8
21. Nd5 cxd5 22. Qf6+ {1-0 (22) Vella,C (1890)-Piat,J (1830) Provence 2003})
10. Bd2 Qd8 (10... Qc7 11. c3 bxc3 12. Nxc3 $16) 11. Ne5 a5 12. Ba4 (12. c3
bxc3 13. Bxc3 $16 (13. Nxc3 $6 Qxd4 14. Re1 O-O $11)) 12... Bb7 13. Bf4 (13. c4
Nfd7 14. Nxd7 Nxd7 $16) 13... O-O $11 14. c3 Nd5 (14... Nfd7 15. Qc1 Nxe5 16.
dxe5 $11 (16. Bxe5 $143 Nd7 $17)) 15. Bg3 (15. c4 Nb6 16. Bc2 N8d7 $14) 15...
c5 16. c4 Nb6 17. Bc2 f6 $4 (17... N8d7 $142 18. b3 Nxe5 19. dxe5 Qxd1 20.
Raxd1 a4 $11) 18. Qd3 $18 f5 19. f3 (19. Nf4 $142 $5 Qc8 20. d5 exd5 21. Nxd5
Bd8 $18) 19... cxd4 (19... N8d7 $142 20. Rad1 Nxe5 21. Bxe5 Nd7 $16) 20. Qxd4
$4 (20. Nxd4 Bc5 21. Rad1 Nc6 22. Nexc6 Bxc6 $18) 20... Qxd4+ $4 (20... N8d7
$142 21. Nxd7 Nxd7 $15) 21. Nxd4 $18 Bc5 22. Bf2 Re8 (22... Bxd4 23. Bxd4 N6d7
24. Rad1 Nxe5 25. Bxe5 $18) 23. b3 (23. Rad1 Na6 $18) 23... N8d7 $2 (23... N6d7
24. Nxd7 Nxd7 25. Rfe1 $18) 24. Rfe1 (24. Nd3 $142 Bxd4 25. Bxd4 $18) 24...
Rad8 $2 (24... Nxe5 $142 25. Rxe5 Bxd4 26. Bxd4 Nd7 $18) 25. Rad1 Nxe5 (25...
Nf8 26. Nb5 Bxf2+ 27. Kxf2 Rxd1 28. Rxd1 $18 (28. Bxd1 $6 Rb8 $18)) 26. Rxe5
Kf7 (26... Bxd4 27. Bxd4 Nd7 28. Rxa5 Nb8 $18) 27. Rxc5 (27. Rxc5 Nc8 28. Bh4
$18) 1-0

[Event "Boeing Action"]
[Site "?"]
[Date "1972.06.06"]
[Round "3"]
[White "Davenport, F."]
[Black "Bailey, B."]
[Result "0-1"]
[WhiteElo "1824"]
[BlackElo "1961"]
[Annotator "Stockfish 13 (15s)"]
[PlyCount "104"]
[EventDate "1972.??.??"]

{C57: Two Knights: Wilkes-Barre/Traxler and 4 Ng5 d5 5 exd5, unusual Black 5th
moves} 1. e4 e5 2. Nf3 Nc6 3. Bc4 Nf6 4. Ng5 d5 5. exd5 Nxd5 6. Nxf7 Kxf7 7.
Qf3+ Ke6 8. Nc3 Ncb4 9. O-O c6 10. Qe4 Kd6 $146 (10... Qd6 11. a3 Na6 12. d4
Ke7 13. dxe5 (13. f4 Nxc3 14. bxc3 Ke8 15. fxe5 Qc7 16. Bf7+ Kd8 17. Bf4 g6 18.
Rad1 Bf5 19. Bg5+ Be7 20. Qh4 Bxc2 21. Rd2 Bf5 22. d5 Bxg5 23. Qxg5+ Kc8 24.
Qf6 Qd8 25. Qg7 Qf8 26. Be6+ Kb8 27. Qxf8+ Rxf8 {
Nguyen Phuoc Thanh-Lam Nguyen Duy,A Vietnam 2002 1-0 (40)}) 13... Qd8 14. Bg5+
Nf6 15. exf6+ Kd7 16. Rad1+ Bd6 17. Rxd6+ Kxd6 18. Bf4+ Kd7 19. Qe6# {
1-0 (19) Miller,W-Pratt,F Boston 1905}) (10... b5 11. Bb3 a5 (11... Bb7 12. f4
Bd6 13. fxe5 Bxe5 14. d4 Qd6 15. dxe5 Qxe5 16. Qxb4 Kd7 17. Nxd5 cxd5 18. Qxb5+
Bc6 19. Qb4 Rhe8 20. Bf4 Qh5 21. Qd6+ Kc8 22. Qc7# {
1-0 (22) Peyre,T (1620)-Decroo,T (1350) Fouesnant 2004}) 12. a3 a4 13. axb4 Bb7
14. Ba2 Qg5 15. d4 Qh5 16. f4 Kd7 17. Nxd5 cxd5 18. Bxd5 exf4 19. Bxb7 Re8 20.
Qc6+ Ke7 21. Re1+ Kf7 22. Qxe8+ Kg8 23. Qxh5 g6 {
1-0 (23) Barcsi,J (2116)-Probald,E Hungary 2002}) (10... g6 11. d4 Bg7 12. a3
Na6 13. f4 Rf8 14. Bd2 Nac7 15. fxe5 Rxf1+ 16. Rxf1 b5 17. Be2 Nxc3 18. Qxc6+
Ke7 19. Bg5+ Bf6 20. Bxf6+ Kf7 21. Bxd8+ Kg7 22. Qxc7+ {
1-0 (22) Agasse Lafont,P (2040)-Demoulin,L (1690) Bretagne 2006}) 11. Re1 $6 (
11. f4 Kc7 (11... exf4 $6 12. a3 g5 13. axb4 Nxb4 14. d4 $11) 12. fxe5 Be7 $19)
11... Kc7 12. a3 (12. d4 Nf6 13. Qxe5+ Bd6 14. Qg5 Nxc2 15. Qxg7+ Nd7 16. Ne4
$19) 12... Na6 (12... Nf6 $142 13. Qe2 Nxc2 $19) 13. Bxd5 $11 cxd5 14. Nxd5+
Kb8 15. Qxe5+ $2 (15. b4 Bd6 16. Ne3 b5 $11) 15... Qd6 (15... Nc7 $142 $5 16.
Nxc7 Qxc7 $19) 16. d4 $15 Qxe5 17. dxe5 (17. Rxe5 $5 Nc7 18. Bf4 $15) 17... Be6
18. c4 (18. Nf4 $5 Nc7 19. Nxe6 Nxe6 20. h4 $17) 18... Nc7 19. Nxc7 $4 (19. Be3
$142 b6 20. Rad1 $17) 19... Kxc7 20. Bg5 h6 21. Bh4 (21. Be3 Be7 $19) 21... g5
22. Bg3 Be7 23. Rac1 (23. Rad1 Rad8 24. Rd6 Bxd6 25. exd6+ Kd7 $19) 23... Rad8
24. Re2 (24. f4 gxf4 25. Bxf4 h5 $19) 24... Rd4 25. c5 (25. f3 Rhd8 $19) 25...
Rhd8 26. h3 (26. f3 Rd1+ 27. Re1 R1d3 $19) 26... Rd2 27. Rxd2 Rxd2 28. b4 Kc6 (
28... Rd3 29. Ra1 $19) 29. Rc3 a6 30. Re3 (30. f4 h5 31. fxg5 Bxg5 $19) 30...
Rd4 (30... a5 31. f4 $19) 31. f3 (31. Kh2 h5 32. f3 Rd2 $19) 31... a5 $1 32.
Be1 (32. bxa5 Kb5 {Decoy Double attack} (32... Kxc5 {Deflection})) 32... axb4 (
32... Rd1 $142 33. Kh2 a4 34. Kg3 $19) 33. axb4 b6 (33... Rd1 $142 34. Kf2 Bd8
$19) 34. cxb6 Kxb6 (34... Bxb4 $6 35. Bxb4 Rxb4 36. Rd3 $11) 35. Re4 $4 (35.
Kh2 $142 Kb5 36. Ra3 $19) 35... Rxe4 36. fxe4 Kb5 37. Bd2 Kc4 (37... Bxb4 $142
$5 38. Bc1 Kc4 39. h4 $19) 38. h4 (38. b5 Kxb5 39. Kf2 Kc4 $19) 38... Kd3 39.
Bc1 Kxe4 40. hxg5 (40. Bd2 $19) 40... hxg5 41. Kf2 Kxe5 42. Ba3 g4 43. Ke3 Kd5
44. Kf4 Kc4 (44... Bd6+ 45. Ke3 Bg3 $19) 45. Ke5 (45. Bb2 $19) 45... Bc8 46.
Bc1 Bxb4 47. Bf4 Kd3 48. g3 Ke2 (48... Bd2 49. Bxd2 Kxd2 50. Kf6 Ke3 51. Kg5
Kf3 52. Kh4 Bd7 53. Kh5 Kxg3 54. Kg6 Kf4 55. Kf7 g3 56. Ke7 g2 57. Kxd7 g1=Q
58. Kd6 Qd4+ 59. Kc6 Ke5 60. Kc7 Kd5 61. Kb7 Qg1 62. Ka6 Kc6 63. Ka5 Qd4 64.
Ka6 Qa1#) 49. Ke4 $19 Kf2 50. Ke5 Kg2 51. Kd4 Be1 52. Ke3 Bxg3 0-1